000 01073nam a2200241Ia 4500
003 OSt
005 20251015114745.0
008 221004b |||||||| |||| 00| 0 hin d
020 _a9788179753118 (hbk)
037 _cTextual
040 _aCRL
_cCRL
_bhin
041 _2hin
_ahin
100 _aचतुवेंदी, जगदीश्वर
_9848388
245 0 _aडिजिटल युग में मासकल्चर और विज्ञापन /
246 _aḌijiṭal yug mean māsakalchar aur vijnyāpana
260 _aनई दिल्ली, भारत:
_bअनामिका पब्लिशर्स,
_c2010.
300 _a418पृ0
_ccm.
650 _aभारतीय-लोक साहित्य
_9848389
700 _aसिंह, सुधा (संपा.)
_9848390
942 _hY:10gX:513, 152Q0
_cTEXL
_2CC
_n0
999 _c1014997
_d1014997